Paris in the terror: June 1793-July 1794. (Record no. 161215)
[ view plain ]
| 000 -LEADER | |
|---|---|
| fixed length control field | 00882cam4a220025300 4500 |
| 001 - CONTROL NUMBER | |
| control field | lce00566977 |
| 008 - FIXED-LENGTH DATA ELEMENTS--GENERAL INFORMATION | |
| fixed length control field | 720919s1964 pau b 000 0 eng |
| 010 ## - LIBRARY OF CONGRESS CONTROL NUMBER | |
| LC control number | 63-20396 |
| 035 ## - SYSTEM CONTROL NUMBER | |
| System control number | (Sirsi) r103238 |
| 035 ## - SYSTEM CONTROL NUMBER | |
| System control number | (DLC) 63020396 |
| 035 ## - SYSTEM CONTROL NUMBER | |
| System control number | (UPRA)lce00566977 |
| 043 ## - GEOGRAPHIC AREA CODE | |
| Geographic area code | e-fr--- |
| 050 0# - LIBRARY OF CONGRESS CALL NUMBER | |
| Classification number | DC 193.8 Loo 1964 |
| Item number | .L6 |
| 082 ## - DEWEY DECIMAL CLASSIFICATION NUMBER | |
| Classification number | 944.O44 |
| 100 1# - MAIN ENTRY--PERSONAL NAME | |
| Personal name | Loomis, Stanley. |
| Linkage | A60731.1 |
| 245 10 - TITLE STATEMENT | |
| Title | Paris in the terror: June 1793-July 1794. |
| 250 ## - EDITION STATEMENT | |
| Edition statement | [1st ed.] |
| 260 ## - PUBLICATION, DISTRIBUTION, ETC. | |
| Place of publication, distribution, etc. | Philadelphia, |
| Name of publisher, distributor, etc. | Lippincott, |
| Date of publication, distribution, etc. | 1964. |
| 500 ## - GENERAL NOTE | |
| General note | Includes index. |
| 504 ## - BIBLIOGRAPHY, ETC. NOTE | |
| Bibliography, etc. note | Bibliography: p. 405-408. |
| 651 #0 - SUBJECT ADDED ENTRY--GEOGRAPHIC NAME | |
| Geographic name | France -- History -- Reign of Terror, 1793-1794. |
| General subdivision | France -- History -- Reign of Terror, 1793-1794. |
| Chronological subdivision | France -- History -- Reign of Terror, 1793-1794. |
| Linkage | S30280.1 |
| 949 ## - LOCAL PROCESSING INFORMATION (OCLC) | |
| a | DC 193.8 Loo 1964 |
| w | lcc |
| c | 1 |
| i | 33729000039847 |
| m | MAIN |
| p | 2500 |
| t | BOOK |
| l | ON-SHELF |
No items available.